00706nam a2200241 a 4500001001300000003000900013005001700022008004100039020001000080082001500090100001600105245003400121260004200155300000900197500003500206505002500241650002400266700001600290902000800306942000700314952012800321999001500449nice12345678IN_TiNIC20260116012653.0050524s1977 cana grp 000 0 eng  ac10000a227.6bHOR aHorton, A E aLetters of the New Testament. aCanadabEvery Day Publications c1977 a128p aincludes index and biblioraphy2 aBibliograpphy, Index aBible N.T. Epistles1 aHorton, A E bSRS cBK 001040708StackRoom-aHMIbHMId2007-06-21g100.00l1o227.6 HORp010535r2022-07-29s2022-07-13v100.00w2005-05-24yBK c7882d7882